| 000 | 00846pam a2200253 a 4500 | ||
|---|---|---|---|
| 001 | 2454809 | ||
| 003 | OSt | ||
| 005 | 20180116183026.0 | ||
| 008 | 890808s1990 nyu 000 1 eng | ||
| 010 | _a 89040461 | ||
| 020 | _a0446515620 | ||
| 040 |
_aDLC _cDLC _dDLC |
||
| 050 | 0 | 0 |
_aPR9199.3.M65 _bF55 1990 |
| 082 | 0 | 0 |
_a813.54 MOR 1990 _220 |
| 100 | 1 |
_aMorrell, David, _d1943- |
|
| 245 | 1 | 4 |
_aThe Fifth Profession _cDavid Morrell. |
| 260 |
_aNew York, NY : _bWarner Books, _cc1990. |
||
| 300 |
_avii, 498 p. ; _c24 cm. |
||
| 440 | _aThe Fifth Profession | ||
| 856 | 4 | 2 |
_3Publisher description _uhttp://www.loc.gov/catdir/enhancements/fy0914/89040461-d.html |
| 906 |
_a7 _bcbc _corignew _d1 _eocip _f19 _gy-gencatlg |
||
| 942 |
_2ddc _cBK |
||
| 999 |
_c350792 _d350792 |
||